Solution manual for use with accounting: the basis for business decisions
Saved in:
| Main Authors: | , |
|---|---|
| Other Authors: | |
| Format: | Book |
| Language: | English |
| Published: |
Nueva York
McGraw-Hill
1972
|
| Edition: | 3a. ed |
| Subjects: | |
| Tags: |
Add Tag
No Tags, Be the first to tag this record!
|
MARC
| LEADER | 00000nam a2200000 a 4500 | ||
|---|---|---|---|
| 001 | UCR8748 | ||
| 003 | CL-VaPUC | ||
| 008 | 980529e19720000US |||||||||||||||||eng|d | ||
| 082 | 0 | 4 | |a 657 |b MEI |2 21 |
| 100 | |a Meigs, Walter B. |e autor |9 576763 | ||
| 700 | 0 | |a Johnson, Charles B |e author |9 410925 | |
| 700 | |a Meigs, Robert F. |e autor |9 451386 | ||
| 245 | 1 | 0 | |a Solution manual for use with accounting: the basis for business decisions |
| 250 | |a 3a. ed | ||
| 300 | |a 753 p | ||
| 942 | |c BK | ||
| 945 | |d 19980529 00:00:00 |a crobeson | ||
| 260 | |a Nueva York |b McGraw-Hill |c 1972 | ||
| 650 | 0 | |a Contabilidad |9 261430 | |
| 650 | 0 | |a Contabilidad de costos |9 260564 | |
| 650 | 0 | |a Contabilidad financiera |9 307017 | |
| 583 | |a last modification |c 19980529 00:00:00 |k Rodrigo Vera | ||
| 999 | |c 270144 |d 270142 | ||
| 952 | |0 0 |1 0 |4 0 |6 657_000000000000000_MEI_1972 |7 0 |8 P |9 304282 |a BIBGIM |b BIBGIM |d 2019-11-20 |i 1409050 |o 657 MEI 1972 |p 1409050 |r 2025-01-15 |w 2019-11-20 |y BK |k COM | ||